000 00629cam a22002173a 4500
001 39641
003 PGUSA
005 20140828083900.0
008 120507s2012||||xxu|||||s|||||000 | eng d
040 _aPGUSA
_beng
042 _adc
100 1 _aJohnston, Annie F.
_q(Annie Fellows),
_d1863-1931
245 1 0 _aGeorgina's Service Stars
_h[electronic resource] /
_cAnnie F. Johnston
260 _bProject Gutenberg,
_c2012
506 _aPublic domain in the USA.
516 _aElectronic text
700 1 _aGooch, Thelma
830 0 _aProject Gutenberg
_v39641
856 4 0 _uhttp://www.gutenberg.org/ebooks/39641
942 _cEB
999 _c268894
_d268894